<?xml version="1.0" encoding="UTF-8"?>
<record
    xmlns:xsi="http://www.w3.org/2001/XMLSchema-instance"
    xsi:schemaLocation="http://www.loc.gov/MARC21/slim http://www.loc.gov/standards/marcxml/schema/MARC21slim.xsd"
    xmlns="http://www.loc.gov/MARC21/slim">

  <leader>00371nam a22001337a 4500</leader>
  <datafield tag="082" ind1=" " ind2=" ">
    <subfield code="a">346.052 MAL</subfield>
  </datafield>
  <datafield tag="100" ind1=" " ind2=" ">
    <subfield code="a">Malik, M.A.</subfield>
  </datafield>
  <datafield tag="245" ind1=" " ind2=" ">
    <subfield code="a">The Succession Act:</subfield>
    <subfield code="b">With Commentary / </subfield>
    <subfield code="c">M.A. Malik</subfield>
  </datafield>
  <datafield tag="260" ind1=" " ind2=" ">
    <subfield code="a">Lahore :</subfield>
    <subfield code="b">P.L.D. Publishers,</subfield>
    <subfield code="c">2016.</subfield>
  </datafield>
  <datafield tag="300" ind1=" " ind2=" ">
    <subfield code="a">232 p. ;</subfield>
    <subfield code="c">24 cm.</subfield>
  </datafield>
  <datafield tag="942" ind1=" " ind2=" ">
    <subfield code="2">ddc</subfield>
    <subfield code="c">BK</subfield>
  </datafield>
  <datafield tag="999" ind1=" " ind2=" ">
    <subfield code="c">586959</subfield>
    <subfield code="d">586959</subfield>
  </datafield>
  <datafield tag="952" ind1=" " ind2=" ">
    <subfield code="0">0</subfield>
    <subfield code="1">0</subfield>
    <subfield code="2">ddc</subfield>
    <subfield code="4">0</subfield>
    <subfield code="6">346_052000000000000_MAL</subfield>
    <subfield code="7">0</subfield>
    <subfield code="9">575159</subfield>
    <subfield code="a">NLS</subfield>
    <subfield code="b">NLS</subfield>
    <subfield code="c">LAW</subfield>
    <subfield code="d">2021-12-02</subfield>
    <subfield code="e">Federal Law House</subfield>
    <subfield code="o">346.052 MAL</subfield>
    <subfield code="p">CL-776</subfield>
    <subfield code="r">2021-12-02</subfield>
    <subfield code="w">2021-12-02</subfield>
    <subfield code="y">BK</subfield>
  </datafield>
  <datafield tag="952" ind1=" " ind2=" ">
    <subfield code="0">0</subfield>
    <subfield code="1">0</subfield>
    <subfield code="2">ddc</subfield>
    <subfield code="4">0</subfield>
    <subfield code="6">346_052000000000000_MAL</subfield>
    <subfield code="7">0</subfield>
    <subfield code="9">638966</subfield>
    <subfield code="a">NLS</subfield>
    <subfield code="b">NLS</subfield>
    <subfield code="d">2025-03-19</subfield>
    <subfield code="l">0</subfield>
    <subfield code="o">346.052 MAL</subfield>
    <subfield code="p">NLS-1547</subfield>
    <subfield code="r">2025-03-19</subfield>
    <subfield code="w">2025-03-19</subfield>
    <subfield code="y">BK</subfield>
  </datafield>
  <datafield tag="952" ind1=" " ind2=" ">
    <subfield code="0">0</subfield>
    <subfield code="1">0</subfield>
    <subfield code="2">ddc</subfield>
    <subfield code="4">0</subfield>
    <subfield code="6">346_052000000000000_MAL</subfield>
    <subfield code="7">0</subfield>
    <subfield code="9">638967</subfield>
    <subfield code="a">NLS</subfield>
    <subfield code="b">NLS</subfield>
    <subfield code="d">2025-03-19</subfield>
    <subfield code="l">0</subfield>
    <subfield code="o">346.052 MAL</subfield>
    <subfield code="p">NLS-1548</subfield>
    <subfield code="r">2025-03-19</subfield>
    <subfield code="w">2025-03-19</subfield>
    <subfield code="y">BK</subfield>
  </datafield>
  <datafield tag="952" ind1=" " ind2=" ">
    <subfield code="0">0</subfield>
    <subfield code="1">0</subfield>
    <subfield code="2">ddc</subfield>
    <subfield code="4">0</subfield>
    <subfield code="6">346_052000000000000_MAL</subfield>
    <subfield code="7">0</subfield>
    <subfield code="9">641205</subfield>
    <subfield code="a">NLS</subfield>
    <subfield code="b">NLS</subfield>
    <subfield code="d">2025-06-29</subfield>
    <subfield code="l">0</subfield>
    <subfield code="o">346.052 MAL</subfield>
    <subfield code="p">NLS-3077</subfield>
    <subfield code="r">2025-06-29</subfield>
    <subfield code="w">2025-06-29</subfield>
    <subfield code="y">BK</subfield>
  </datafield>
  <datafield tag="952" ind1=" " ind2=" ">
    <subfield code="0">0</subfield>
    <subfield code="1">0</subfield>
    <subfield code="2">ddc</subfield>
    <subfield code="4">0</subfield>
    <subfield code="6">346_052000000000000_MAL</subfield>
    <subfield code="7">0</subfield>
    <subfield code="9">641206</subfield>
    <subfield code="a">NLS</subfield>
    <subfield code="b">NLS</subfield>
    <subfield code="d">2025-06-29</subfield>
    <subfield code="l">0</subfield>
    <subfield code="o">346.052 MAL</subfield>
    <subfield code="p">NLS-3078</subfield>
    <subfield code="r">2025-06-29</subfield>
    <subfield code="w">2025-06-29</subfield>
    <subfield code="y">BK</subfield>
  </datafield>
  <datafield tag="952" ind1=" " ind2=" ">
    <subfield code="0">0</subfield>
    <subfield code="1">0</subfield>
    <subfield code="2">ddc</subfield>
    <subfield code="4">0</subfield>
    <subfield code="6">346_052000000000000_MAL</subfield>
    <subfield code="7">0</subfield>
    <subfield code="9">641207</subfield>
    <subfield code="a">NLS</subfield>
    <subfield code="b">NLS</subfield>
    <subfield code="d">2025-06-29</subfield>
    <subfield code="l">0</subfield>
    <subfield code="o">346.052 MAL</subfield>
    <subfield code="p">NLS-3079</subfield>
    <subfield code="r">2025-06-29</subfield>
    <subfield code="w">2025-06-29</subfield>
    <subfield code="y">BK</subfield>
  </datafield>
</record>
